|
|
|
|
| LEADER |
00000naa2a2200000 4500 |
| 001 |
244320 |
| 005 |
20251223091509.0 |
| 035 |
|
|
|a (RuTPU)RU\TPU\book\265703
|
| 035 |
|
|
|a RU\TPU\book\265701
|
| 090 |
|
|
|a 244320
|
| 100 |
|
|
|a 20131021d2013 k y0rusy50 ca
|
| 101 |
0 |
|
|a rus
|
| 102 |
|
|
|a RU
|
| 135 |
|
|
|a drnn ---uucaa
|
| 181 |
|
0 |
|a i
|
| 182 |
|
0 |
|a b
|
| 200 |
1 |
|
|a Определение коэффициента парообразования при вакуумной сушке пористых материалов
|f М. А. Горешнев
|g науч. рук. В. В. Лопатин
|
| 203 |
|
|
|a Текст
|c электронный
|
| 225 |
1 |
|
|a Теплоэнергетика
|
| 300 |
|
|
|a Заглавие с титульного экрана
|
| 320 |
|
|
|a [Библиогр.: с. 206 (4 назв.)]
|
| 337 |
|
|
|a Adobe Reader
|
| 461 |
|
1 |
|0 (RuTPU)RU\TPU\book\263794
|t Современные техника и технологии
|o сборник трудов XIX международной научно-практической конференции студентов, аспирантов и молодых ученых, Томск, 15-19 апреля 2013 г.
|o в 3 т.
|f Национальный исследовательский Томский политехнический университет (ТПУ)
|d 2013
|
| 463 |
|
1 |
|0 (RuTPU)RU\TPU\book\263799
|t Т. 3
|v [С. 205-206]
|d 2013
|
| 610 |
1 |
|
|a труды учёных ТПУ
|
| 610 |
1 |
|
|a электронный ресурс
|
| 610 |
1 |
|
|a парообразование
|
| 610 |
1 |
|
|a вакуумная техника
|
| 610 |
1 |
|
|a сушка
|
| 610 |
1 |
|
|a пористые материалы
|
| 700 |
|
1 |
|a Горешнев
|b М. А.
|c специалист в области электрофизики
|c инженер Томского политехнического университета
|f 1986-
|g Максим Алексеевич
|3 (RuTPU)RU\TPU\pers\29883
|
| 702 |
|
1 |
|a Лопатин
|b В. В.
|c электрофизик
|c доктор физико-математических наук, профессор Томского политехнического университета, заместитель директора по научной работе ИФВТ ТПУ
|f 1947-
|g Владимир Васильевич
|3 (RuTPU)RU\TPU\pers\20662
|4 727
|
| 712 |
0 |
2 |
|a Национальный исследовательский Томский политехнический университет (ТПУ)
|b Институт физики высоких технологий (ИФВТ)
|b Кафедра техники и электрофизики высоких напряжений (ТЭВН)
|3 (RuTPU)RU\TPU\col\18692
|
| 801 |
|
2 |
|a RU
|b 63413507
|c 20131021
|g RCR
|
| 856 |
4 |
|
|u http://www.lib.tpu.ru/fulltext/c/2013/C01/V3/099.pdf
|
| 942 |
|
|
|c CF
|